Монах: [Роман]

Bibliographic Details
Main Author: Льюис М. Г. Метью Грегори
Other Authors: Гурова И. (переводчик), Скороденко В. (автор предисловия), Дудин А. Л. (иллюстратор)
Language:Russian
Published: Москва, Ладомир, 1993
Series:Готический роман
Subjects:
Format: Book
KOHA link:https://koha.lib.tpu.ru/cgi-bin/koha/opac-detail.pl?biblionumber=100885

MARC

LEADER 00000nam0a2200000 4500
001 100885
005 20231031112313.0
010 |a 5862180508 
020 |a RU  |b 93-20894 
035 |a (RuTPU)RU\TPU\book\108574 
090 |a 100885 
100 |a 20060828d1993 m y0rusy5003 ca 
101 1 |a rus  |c eng 
102 |a RU 
105 |a a z 000ay 
200 1 |a Монах  |e [Роман]  |f Метью Грегори Льюис  |g [Пер. с англ. И. Гуровой; Предисл. В. Скороденко; Иллюстрации А. Дудина] 
210 |a Москва  |c Ладомир  |d 1993 
215 |a 340,[2] с., [20] л. цв. ил.  |d 22 см 
225 1 |a Готический роман 
610 1 |a мистика 
675 |a 82  |z rus  |v 3 
700 1 |a Льюис  |b М. Г.  |g Метью Грегори  |4 070 
702 1 |a Гурова  |b И.  |4 730 
702 1 |a Скороденко  |b В.  |4 080 
702 1 |a Дудин  |b А. Л.  |4 440 
801 0 |a RU  |b RuMRKP  |c 19950413  |g psbo 
801 1 |a RU  |b 63413507  |c 20060828  |g PSBO 
801 2 |a RU  |b 63413507  |c 20060828  |g PSBO 
942 |c BK